[Event "23. Schweinfurt Open"]
[Site "Schweinfurt"]
[Date "2013.06.01"]
[Round "5.19"]
[White "Hofmann-Weippert, Matthias"]
[Black "Schneider, Johannes"]
[Result "1/2-1/2"]
[WhiteElo "1555"]
[BlackElo "1840"]
[PlyCount "41"]
[EventDate "2013.05.30"]
[Source "SK SW 2000"]
[SourceDate "2013.06.02"]

1. d4 d5 2. c4 e6 3. Nf3 Nf6 4. Nc3 c6 5. e3 Nbd7 6. a3 Be7 7. Be2 a6 8. O-O
dxc4 9. Bxc4 b5 10. Be2 c5 11. dxc5 Bxc5 12. b4 Be7 13. Bb2 O-O 14. Rc1 Bb7 15.
Nd4 Nb6 16. Nb3 Rc8 17. Qd2 Nfd5 18. Rfd1 Ba8 19. Qe1 Qe8 20. Nxd5 Bxd5 21. Nd4
1/2-1/2

[Event "23. Schweinfurt Open"]
[Site "Schweinfurt"]
[Date "2013.06.01"]
[Round "5.20"]
[White "Steinerstauch, Bernd"]
[Black "Memmel, Günther"]
[Result "0-1"]
[WhiteElo "1435"]
[BlackElo "1785"]
[PlyCount "86"]
[EventDate "2013.05.30"]
[Source "SK SW 2000"]
[SourceDate "2013.06.02"]

1. b4 d5 2. Bb2 Nf6 3. e3 Nbd7 4. Nf3 e6 5. a3 Bd6 6. Be2 O-O 7. d4 c6 8. Nbd2
Re8 9. Ne5 Ne4 10. Nxe4 dxe4 11. c4 f6 12. Nxd7 Bxd7 13. c5 Bc7 14. Bc4 Kh8 15.
Qc2 f5 16. h4 a5 17. Rd1 Qe7 18. g4 axb4 19. axb4 Rad8 20. g5 e5 21. d5 cxd5
22. Bxd5 Bc6 23. Bxc6 Rxd1+ 24. Kxd1 Rd8+ 25. Kc1 bxc6 26. Rd1 Ra8 27. Qc4 Qe8
28. Kc2 g6 29. Rd2 Kg7 30. Kd1 h6 31. Bc3 hxg5 32. hxg5 Bd8 33. Bxe5+ Qxe5 34.
Rd7+ Be7 35. Qd4 Qxd4+ 36. Rxd4 Rd8 37. Rxd8 Bxd8 38. Ke2 Bxg5 39. f3 exf3+ 40.
Kxf3 Kf6 41. e4 Bd2 42. exf5 gxf5 43. b5 cxb5 0-1

[Event "23. Schweinfurt Open"]
[Site "Schweinfurt"]
[Date "2013.06.01"]
[Round "5.21"]
[White "Markwardt, Sven"]
[Black "Scheming, Anna-Marie"]
[Result "1-0"]
[WhiteElo "1760"]
[BlackElo "1133"]
[PlyCount "75"]
[EventDate "2013.05.30"]
[Source "SK SW 2000"]
[SourceDate "2013.06.02"]

1. d4 d5 2. c4 c6 3. Nc3 Nf6 4. e3 a6 5. Bd3 g6 6. Nge2 Nbd7 7. f3 Bg7 8. e4 e5
9. cxd5 exd4 10. dxc6 dxc3 11. cxd7+ Bxd7 12. Nxc3 O-O 13. Be3 Be6 14. O-O Qa5
15. Qa4 Qxa4 16. Nxa4 Rad8 17. Rfd1 Nd7 18. Be2 f5 19. exf5 Bxf5 20. Rd2 Rfe8
21. Kf2 Rc8 22. Rad1 b5 23. Nc3 Bxc3 24. bxc3 Rxc3 25. Bd4 Rc6 26. g4 Be6 27.
h4 Rf8 28. Kg3 Nf6 29. Be5 Ne8 30. f4 Ng7 31. Rd6 Rc2 32. Bd3 Rxa2 33. Bxg7
Bxg4 34. Bxf8 Bxd1 35. Bh6 Ra3 36. Kf2 Bh5 37. Rf6 Ra2+ 38. Ke3 1-0

[Event "23. Schweinfurt Open"]
[Site "Schweinfurt"]
[Date "2013.06.01"]
[Round "5.22"]
[White "Hegel, Pius"]
[Black "Raaber, Arthur"]
[Result "0-1"]
[WhiteElo "1719"]
[BlackElo "1605"]
[PlyCount "72"]
[EventDate "2013.05.30"]
[Source "SK SW 2000"]
[SourceDate "2013.06.02"]

1. d4 d5 2. Nf3 Nf6 3. h3 e6 4. Bf4 Bd6 5. e3 Bxf4 6. exf4 b6 7. Be2 O-O 8. O-O
Ba6 9. Nbd2 Bxe2 10. Qxe2 Nbd7 11. Ne5 c5 12. dxc5 Nxc5 13. b4 Nce4 14. Nxe4
Nxe4 15. Qd3 Rc8 16. Rfc1 Rc3 17. Qe2 Qc7 18. Rab1 Rc8 19. Rb2 f6 20. Nd3 Qd7
21. Kh2 Nd6 22. Re1 Nb5 23. Rc1 Nd4 24. Qd1 Qc7 25. g3 Nxc2 26. Qd2 d4 27. Qe2
Qc4 28. Rbxc2 Rxc2 29. Rxc2 Qxc2 30. Qxe6+ Kh8 31. Nc5 Qxf2+ 32. Kh1 Qf3+ 33.
Kh2 Qc6 34. Qxc6 Rxc6 35. Nb3 Rc2+ 36. Kg1 d3 0-1

[Event "23. Schweinfurt Open"]
[Site "Schweinfurt"]
[Date "2013.06.01"]
[Round "5.24"]
[White "Hartmann, Christian"]
[Black "Bebersdorf, Claus"]
[Result "1/2-1/2"]
[WhiteElo "1554"]
[BlackElo "1991"]
[PlyCount "119"]
[EventDate "2013.05.30"]
[Source "SK SW 2000"]
[SourceDate "2013.06.02"]

1. e4 c5 2. Nc3 e6 3. g3 Ne7 4. Bg2 Nbc6 5. d3 Nd4 6. a4 Nec6 7. Be3 d6 8. Nge2
Rb8 9. Nb5 e5 10. O-O Be7 11. Nbxd4 cxd4 12. Bd2 O-O 13. c3 dxc3 14. bxc3 Be6
15. Rb1 d5 16. Qc2 d4 17. c4 b6 18. f4 f6 19. f5 Bd7 20. Rb2 Qc7 21. Ra1 Bc5
22. Nc1 a5 23. Qb1 Bb4 24. Bxb4 Nxb4 25. Ra3 Rfc8 26. Na2 Nxa2 27. Qxa2 Rb7 28.
Qb1 Rcb8 29. Bf3 Bc6 30. Bd1 Qd8 31. Raa2 Qd7 32. Rg2 h6 33. h4 Kf8 34. Qc1 Qe7
35. g4 Ke8 36. Qd2 Kd7 37. h5 Kc7 38. Kf1 Qd6 39. Ke1 Bd7 40. Qb2 Qc5 41. Rd2
Kd6 42. Kf1 Ra7 43. Ke1 Rba8 44. Kf1 Qb4 45. Ke1 Kc5 46. Kf1 Be8 47. Ke1 Rd8
48. Kf1 Qc3 49. Ke2 Qb4 50. Ra3 Qxb2 51. Rxb2 Rb8 52. Ra1 Bc6 53. Ke1 Rab7 54.
Rc1 Kd6 55. Ke2 Be8 56. Kf3 Rc7 57. Rcb1 Kc5 58. Rc1 Rcb7 59. Rcb1 Bc6 60. Ke2
1/2-1/2

[Event "23. Schweinfurt Open"]
[Site "Schweinfurt"]
[Date "2013.06.01"]
[Round "5.25"]
[White "Li, Simon"]
[Black "Müller, Gerhard"]
[Result "1-0"]
[WhiteElo "1223"]
[BlackElo "1854"]
[PlyCount "71"]
[EventDate "2013.05.30"]
[Source "SK SW 2000"]
[SourceDate "2013.06.02"]

1. e4 d5 2. exd5 Qxd5 3. Nc3 Qa5 4. d4 c6 5. Bd2 Qb6 6. Nf3 Qxb2 7. Bc4 e6 8.
O-O Qb6 9. Qe2 Nf6 10. d5 cxd5 11. Bxd5 Be7 12. Rab1 Qc7 13. Nb5 Qd8 14. Bc4 a6
15. Nc3 b5 16. Bd3 Bb7 17. a4 b4 18. Ne4 Nc6 19. c3 a5 20. Nxf6+ gxf6 21. Rfe1
Qc7 22. Bb5 O-O-O 23. cxb4 Rxd2 24. Nxd2 Bxb4 25. Rec1 Kd7 26. Qd3+ Bd6 27. Ne4
Ke7 28. Nxd6 Qxd6 29. Qxd6+ Kxd6 30. Bxc6 Bxc6 31. Rb6 Rc8 32. f3 e5 33. Ra6 f5
34. Rxa5 f6 35. Rac5 h5 36. a5 1-0

[Event "23. Schweinfurt Open"]
[Site "Schweinfurt"]
[Date "2013.06.01"]
[Round "5.26"]
[White "Falkenstein, Johannes"]
[Black "Roth, Ludwig"]
[Result "1-0"]
[WhiteElo "1732"]
[BlackElo "985"]
[PlyCount "89"]
[EventDate "2013.05.30"]
[Source "SK SW 2000"]
[SourceDate "2013.06.02"]

1. d4 d5 2. Bf4 Nf6 3. e3 e6 4. Nf3 c5 5. c4 Nc6 6. Qa4 Bd7 7. Qb3 cxd4 8. exd4
Bb4+ 9. Nc3 Ne4 10. cxd5 exd5 11. Bd3 O-O 12. O-O Bxc3 13. bxc3 Be6 14. Qxb7
Na5 15. Qc7 Rc8 16. Qxd8 Rfxd8 17. Rac1 Rxc3 18. Rxc3 Nxc3 19. Bd2 Rc8 20. Rc1
Bf5 21. Rxc3 Rxc3 22. Bxc3 Bxd3 23. Bxa5 Be4 24. Nd2 Kf8 25. Nxe4 dxe4 26. Kf1
Ke7 27. Ke2 Ke6 28. Ke3 Kd5 29. Bb4 a6 30. Bc5 a5 31. Kd2 Kc4 32. Kc2 g6 33.
Kd2 f5 34. Ke3 g5 35. g3 Kd5 36. f4 g4 37. Kd2 Kc6 38. Kc3 Kd5 39. Bb6 a4 40.
Kb4 h6 41. Kc3 h5 42. Bc5 a3 43. Bxa3 e3 44. Kd3 e2 45. Bb4 1-0

[Event "23. Schweinfurt Open"]
[Site "Schweinfurt"]
[Date "2013.06.01"]
[Round "5.27"]
[White "Brückner, Alexander"]
[Black "Roth, Jakob"]
[Result "0-1"]
[WhiteElo "1202"]
[BlackElo "1582"]
[PlyCount "120"]
[EventDate "2013.05.30"]
[Source "SK SW 2000"]
[SourceDate "2013.06.02"]

1. e4 c6 2. d4 d5 3. exd5 cxd5 4. c4 e6 5. Nc3 Nf6 6. Bg5 Be7 7. Nf3 O-O 8. Be2
Qb6 9. Qc2 Nc6 10. c5 Qa5 11. O-O b6 12. Qa4 Qxa4 13. Nxa4 bxc5 14. Nxc5 Bxc5
15. dxc5 Ne4 16. Be3 Rb8 17. Rab1 Nb4 18. a3 Nc2 19. Rfc1 Nxe3 20. fxe3 Rb3 21.
Rc2 Rxe3 22. c6 Rb3 23. Nd4 Rb6 24. Rbc1 Nd6 25. c7 Bd7 26. Nc6 Bxc6 27. Rxc6
Rxc6 28. Rxc6 Nc8 29. Ba6 Re8 30. Kf2 Kf8 31. Ke2 Ke7 32. b4 Kf6 33. a4 Ke7 34.
a5 Kd7 35. Bb5 Ke7 36. Ba6 Rf8 37. Ke3 Kd7 38. Rc2 Nd6 39. b5 Nc4+ 40. Kd4 e5+
41. Kd3 Kxc7 42. b6+ axb6 43. Bxc4 dxc4+ 44. Rxc4+ Kb7 45. axb6 Kxb6 46. Rh4 h6
47. Ke4 Re8 48. Rg4 g6 49. Ke3 Kc5 50. h4 Ra8 51. h5 Ra3+ 52. Kf2 g5 53. Re4
Kd5 54. Re2 Rd3 55. Rc2 e4 56. Ke2 Ke5 57. Rc5+ Rd5 58. Rc7 f5 59. Rc6 Rd6 60.
Rc5+ Kf4 0-1

[Event "23. Schweinfurt Open"]
[Site "Schweinfurt"]
[Date "2013.06.01"]
[Round "5.28"]
[White "Memmel, Stefan"]
[Black "Trinkwalter, Jan"]
[Result "0-1"]
[WhiteElo "1278"]
[BlackElo "1688"]
[PlyCount "126"]
[EventDate "2013.05.30"]
[Source "SK SW 2000"]
[SourceDate "2013.06.02"]

1. e4 c5 2. Bc4 d6 3. Nf3 Nf6 4. d3 g6 5. c3 Bg7 6. Bf4 Nc6 7. O-O O-O 8. Nbd2
a6 9. a3 b5 10. Ba2 b4 11. Rc1 a5 12. Nc4 Rb8 13. e5 Nh5 14. Bg3 Nxg3 15. fxg3
dxe5 16. Qe2 Bg4 17. h3 Bxf3 18. Qxf3 Qc7 19. Ne3 b3 20. Bb1 e6 21. Ng4 f5 22.
Ne3 Rbd8 23. Qe2 Bh6 24. Rce1 Bxe3+ 25. Qxe3 Qd6 26. d4 cxd4 27. cxd4 Qxd4 28.
Qxd4 Rxd4 29. Rf2 Rfd8 30. Kf1 Rd1 31. g4 R8d2 32. gxf5 Rxf2+ 33. Kxf2 Rxe1 34.
Kxe1 exf5 35. a4 Kf7 36. Kd2 e4 37. Kc3 e3 38. Bd3 Kf6 39. Kxb3 e2 40. Bxe2
Nd4+ 41. Kc4 Nxe2 42. b4 axb4 43. a5 Nf4 44. a6 Ne6 45. Kxb4 Ke7 46. a7 Nc7 47.
Kc5 Kd7 48. Kb6 g5 49. Kc5 h5 50. Kd4 Kd6 51. Ke3 Ke5 52. Kf3 f4 53. g4 fxg3
54. Kxg3 Ke4 55. h4 g4 56. Kg2 Kf4 57. Kf2 g3+ 58. Kg2 Kg4 59. Kg1 Kxh4 60. Kg2
Kg4 61. Kg1 Kf3 62. Kf1 g2+ 63. Kg1 Na8 0-1

[Event "23. Schweinfurt Open"]
[Site "Schweinfurt"]
[Date "2013.06.01"]
[Round "5.29"]
[White "Grünewald, Elmar"]
[Black "Gerhard, Georg"]
[Result "1-0"]
[WhiteElo "1454"]
[BlackElo "1269"]
[PlyCount "99"]
[EventDate "2013.05.30"]
[Source "SK SW 2000"]
[SourceDate "2013.06.02"]

1. e4 c5 2. Nf3 Nc6 3. d4 cxd4 4. Nxd4 g6 5. Be3 Bg7 6. Nc3 Nf6 7. Bc4 O-O 8.
a4 d6 9. h3 Bd7 10. Qd2 Re8 11. Rd1 Qc7 12. Ndb5 Qb8 13. O-O a6 14. Na3 Qc8 15.
Ba2 Bxh3 16. gxh3 Qxh3 17. f3 Nh5 18. Qg2 Qc8 19. Nc4 Rb8 20. Nb6 Qc7 21. Ncd5
Qd8 22. c3 e6 23. Nb4 Qe7 24. Nxc6 bxc6 25. a5 Qh4 26. Bf2 Qf4 27. Qh2 Qg5+ 28.
Kh1 Be5 29. Qh4 Qxh4+ 30. Bxh4 f6 31. Rg1 Rb7 32. Nc4 Bf4 33. Nxd6 Rxb2 34. Rg2
Reb8 35. Bxe6+ Kf8 36. Nc4 R2b5 37. Bf2 Ke7 38. Bg4 Ng7 39. Bg3 Rb1 40. Rxb1
Rxb1+ 41. Kh2 Bxg3+ 42. Kxg3 Rc1 43. Rd2 Rxc3 44. Rd7+ Kf8 45. Nd6 Kg8 46. Rd8+
Ne8 47. Rxe8+ Kg7 48. Be6 Rd3 49. Rg8+ Kh6 50. Nf7+ 1-0

[Event "23. Schweinfurt Open"]
[Site "Schweinfurt"]
[Date "2013.06.01"]
[Round "5.30"]
[White "Engelbrecht, Klaus"]
[Black "Häusler, Luis"]
[Result "0-1"]
[WhiteElo "1247"]
[BlackElo "1428"]
[PlyCount "52"]
[EventDate "2013.05.30"]
[Source "SK SW 2000"]
[SourceDate "2013.06.02"]

1. d4 d5 2. c4 c6 3. Nc3 e6 4. e4 Nf6 5. Bg5 Be7 6. e5 Nfd7 7. Bxe7 Qxe7 8. Nf3
O-O 9. Be2 Nb6 10. c5 N6d7 11. Qd2 b6 12. b4 a5 13. Bd3 axb4 14. Ne2 bxc5 15.
Ng5 f6 16. Nxh7 Rd8 17. h4 cxd4 18. f4 Nc5 19. Nxd4 Nxd3+ 20. Qxd3 c5 21. Nb5
Ba6 22. Qg3 Kxh7 23. Nd6 Nc6 24. f5 exf5 25. Nxf5 Qxe5+ 26. Qxe5 Nxe5 {
Hier geschah 27. 0-0 und dann Lxf1   28. Txf1 'Txa2  29. Tf4 b3  30. g4 b2  31.
Tf1 Sf3  32. Kg2 b1D} 0-1

[Event "23. Schweinfurt Open"]
[Site "Schweinfurt"]
[Date "2013.06.01"]
[Round "5.31"]
[White "Christ, Andreas"]
[Black "Lehmann, Andreas"]
[Result "0-1"]
[WhiteElo "1397"]
[BlackElo "974"]
[PlyCount "170"]
[EventDate "2013.05.30"]
[Source "SK SW 2000"]
[SourceDate "2013.06.02"]

1. e4 e5 2. Nf3 d6 3. Nc3 Be6 4. d4 Nd7 5. h3 c6 6. d5 cxd5 7. exd5 Bf5 8. Bd3
Bxd3 9. Qxd3 Nc5 10. Qb5+ Qd7 11. Be3 b6 12. O-O Qxb5 13. Nxb5 Kd7 14. c4 Be7
15. Ne1 f5 16. Bd2 Nf6 17. Nc2 Nfe4 18. Rad1 a5 19. Bc3 Na4 20. Rd3 Nexc3 21.
bxc3 Nb2 22. Rf3 Nxc4 23. Rxf5 g6 24. Rf7 Ke8 25. Rf3 Nd2 26. Nc7+ Kd7 27. Nxa8
Nxf3+ 28. gxf3 Rxa8 29. Rb1 Rf8 30. Ne1 Bd8 31. Kg2 Rf4 32. Nd3 Rc4 33. Rc1 Bg5
34. Rc2 b5 35. Nb2 Rc8 36. a3 b4 37. axb4 axb4 38. c4 b3 39. Rc3 Rb8 40. c5 Bd2
41. c6+ Kc7 42. Rc4 Rb5 43. Kf1 Rxd5 44. Ke2 Bf4 45. Rb4 Rd2+ 46. Ke1 Rxb2 47.
Rb7+ Kxc6 48. Rb8 Kd5 49. h4 Bd2+ 50. Kd1 Bc3 51. Kc1 Rxf2 52. Rxb3 Kc4 53. Rb6
Bb2+ 54. Kd1 Ba3 55. h5 gxh5 56. f4 Rxf4 57. Rb7 Kd3 58. Rb3+ Ke4 59. Rxa3 d5
60. Ke2 d4 61. Ra4 h4 62. Ra3 h5 63. Rb3 Rg4 64. Kf2 Rg3 65. Rb1 Rf3+ 66. Kg2
h3+ 67. Kh2 Kf4 68. Rg1 e4 69. Rg7 d3 70. Rg1 d2 71. Ra1 h4 72. Rg1 Rg3 73.
Rf1+ Kg4 74. Ra1 Rg2+ 75. Kh1 e3 76. Ra4+ Kf3 77. Ra1 Kf2 78. Rd1 Ke2 79. Rxd2+
Kf3 80. Rd6 Rd2 81. Rf6+ Ke2 82. Rf7 Kd1 83. Rf1+ Kc2 84. Re1 Rd1 85. Kh2 Rxe1
0-1

[Event "23. Schweinfurt Open"]
[Site "Schweinfurt"]
[Date "2013.06.01"]
[Round "5.32"]
[White "Foitzik, Lukas"]
[Black "Grasmik, Waldemar"]
[Result "0-1"]
[WhiteElo "776"]
[BlackElo "1375"]
[PlyCount "110"]
[EventDate "2013.05.30"]
[Source "SK SW 2000"]
[SourceDate "2013.06.02"]

1. e4 d5 2. Bd3 c6 3. Nf3 a6 4. O-O Qc7 5. Be2 h5 6. d3 Bg4 7. h3 e6 8. b3 Nd7
9. c4 Ngf6 10. Bb2 Bxf3 11. Bxf3 Ng4 12. Bxg4 hxg4 13. Qxg4 Ne5 14. Qf4 Bd6 15.
Nd2 Nxd3 16. Qg4 Nxb2 17. Qxg7 Be5 18. Qg5 Nd3 19. Nf3 Bxa1 20. Rxa1 Qb6 21.
Rf1 dxe4 22. Ne5 Nxe5 23. Qxe5 O-O-O 24. Qxe4 Qd4 25. Qf3 f5 26. g4 Rdg8 27.
Rd1 fxg4 28. hxg4 Qxg4+ 29. Qxg4 Rxg4+ 30. Kf1 Rh1+ 31. Ke2 Rxd1 32. Kxd1 Rg1+
33. Ke2 Ra1 34. f4 Rxa2+ 35. Ke3 Ra3 36. Ke4 Rxb3 37. Ke5 Kd7 38. f5 exf5 39.
Kxf5 Rc3 40. Ke5 Rxc4 41. Kf5 Kd6 42. Kg5 Re4 43. Kf5 Re1 44. Kf4 a5 45. Kf3 a4
46. Kf2 Re5 47. Kf3 a3 48. Kf4 a2 49. Kf3 a1=Q 50. Kf4 Qf1+ 51. Kg4 Qf5+ 52.
Kg3 Re3+ 53. Kg2 Qf3+ 54. Kh2 Re2+ 55. Kg1 Qg2# 0-1

[Event "23. Schweinfurt Open"]
[Site "Schweinfurt"]
[Date "2013.06.01"]
[Round "5.33"]
[White "Albert, Samuel"]
[Black "Weippert, Sophia"]
[Result "0-1"]
[WhiteElo "1272"]
[BlackElo "1145"]
[PlyCount "66"]
[EventDate "2013.05.30"]
[Source "SK SW 2000"]
[SourceDate "2013.06.02"]

1. d4 d5 2. c4 e6 3. Nf3 Nc6 4. g3 b6 5. Bg2 Nf6 6. Nc3 Bb7 7. O-O Be7 8. Re1
O-O 9. Bf4 Bd6 10. Ne5 Na5 11. b3 dxc4 12. Bxb7 Nxb7 13. bxc4 Na5 14. Qd3 Nd7
15. Nxd7 Qxd7 16. Bd2 Be7 17. e4 c6 18. Rad1 Rfd8 19. d5 Rac8 20. Bf4 cxd5 21.
cxd5 Bb4 22. Rc1 Bxc3 23. Rxc3 Rxc3 24. Qxc3 exd5 25. Qc7 d4 26. Rc1 h6 27. Bd2
Nb7 28. f4 Nc5 29. Qxd7 Rxd7 30. e5 Ne4 31. Bb4 d3 32. Re1 Rd4 33. a3 a5 0-1

[Event "23. Schweinfurt Open"]
[Site "Schweinfurt"]
[Date "2013.06.01"]
[Round "5.34"]
[White "Renner, Guenter"]
[Black "Gerhard, Philipp"]
[Result "0-1"]
[WhiteElo "1092"]
[BlackElo "841"]
[PlyCount "80"]
[EventDate "2013.05.30"]
[Source "SK SW 2000"]
[SourceDate "2013.06.02"]

1. d4 d5 2. c4 dxc4 3. e4 b5 4. Nf3 e6 5. Bf4 Nc6 6. Be2 Bd6 7. e5 Bb4+ 8. Bd2
Nge7 9. a3 Bxd2+ 10. Qxd2 Nf5 11. d5 exd5 12. Nc3 Be6 13. Nxb5 Rb8 14. Nc3 Na5
15. Bd1 Nb3 16. Bxb3 cxb3 17. O-O d4 18. Ne4 Bd5 19. Nxd4 Bxe4 20. Qc3 Nxd4 21.
Qe3 Qd5 22. Rfd1 Rd8 23. Rd2 c5 24. Re1 Bxg2 25. Qg3 Be4 26. Re3 O-O 27. Kf1
Rfe8 28. Qg4 Rxe5 29. Rg3 g6 30. f4 Re7 31. h4 Qc4+ 32. Kf2 Bf5 33. Qd1 Rde8
34. Rc3 Re2+ 35. Rxe2 Rxe2+ 36. Kg3 Qd5 37. Qf1 Rxb2 38. h5 Ra2 39. h6 b2 40.
Qa6 b1=Q 0-1

[Event "23. Schweinfurt Open"]
[Site "Schweinfurt"]
[Date "2013.06.02"]
[Round "6.1"]
[White "Kunz, Konstantin"]
[Black "Golda, Harald"]
[Result "1/2-1/2"]
[WhiteElo "2184"]
[BlackElo "2332"]
[PlyCount "97"]
[EventDate "2013.05.30"]
[Source "SK SW 2000"]
[SourceDate "2013.06.02"]

1. d4 Nf6 2. Nf3 e6 3. Bf4 c5 4. c3 b6 5. e3 Bb7 6. Nbd2 Be7 7. h3 O-O 8. Bd3
d6 9. O-O cxd4 10. exd4 Nbd7 11. Re1 Qc7 12. Bh2 Rfe8 13. a3 Nf8 14. c4 Rad8
15. b4 Qc8 16. Qb3 Qa8 17. Bf1 Ng6 18. Rab1 Ne4 19. Rbd1 Nxd2 20. Nxd2 Nh4 21.
Qg3 Nf5 22. Qd3 Nh4 23. Qg3 Bf6 24. Qg4 h5 25. Qg3 Nf5 26. Qd3 d5 27. c5 Nxd4
28. Nf3 Nxf3+ 29. Qxf3 bxc5 30. Qxh5 c4 31. Be5 Bxe5 32. Rxe5 Qb8 33. Rd4 f6
34. Re3 Qc7 35. Rg3 Qf7 36. Rg6 Kf8 37. Rdg4 Rd7 38. Qh7 f5 39. R4g5 Qg8 40.
Qh4 d4 41. Bxc4 d3 42. Rxf5+ exf5 43. Bxg8 Kxg8 44. Qc4+ Kh7 45. Re6 Rc8 46.
Qh4+ Kg8 47. Qh5 Rf8 48. Re1 d2 49. Rd1 1/2-1/2

[Event "23. Schweinfurt Open"]
[Site "Schweinfurt"]
[Date "2013.06.02"]
[Round "6.2"]
[White "Seidens, Udo"]
[Black "Yalcin, Alparslan"]
[Result "0-1"]
[WhiteElo "2237"]
[BlackElo "2027"]
[PlyCount "128"]
[EventDate "2013.05.30"]
[Source "SK SW 2000"]
[SourceDate "2013.06.02"]

1. c4 Nf6 2. g3 g6 3. Bg2 Bg7 4. Nc3 O-O 5. e3 e5 6. Nge2 d6 7. O-O Nc6 8. d3
Be6 9. b4 e4 10. d4 Bxc4 11. b5 Ne7 12. Nxe4 Nxe4 13. Bxe4 Bxb5 14. Bxb7 Rb8
15. Bf3 c5 16. a4 Bxe2 17. Qxe2 cxd4 18. Ra3 dxe3 19. Bxe3 Qa5 20. Bd2 Qc5 21.
Qd3 Nf5 22. Be4 Nd4 23. Kh1 Nc2 24. Rb3 Nb4 25. Qb1 a5 26. Be3 Bd4 27. Rc1 Qe5
28. Bf4 Qe6 29. Kg2 Rfe8 30. Bf3 Rbc8 31. Rd1 Be5 32. Be3 Qd7 33. Rxb4 axb4 34.
Qxb4 Rb8 35. Bb6 Rxb6 36. Qxb6 Qxa4 37. Rd3 Qc4 38. Ra3 Bd4 39. Qb7 Qc2 40. Ra8
Qxf2+ 41. Kh3 Qf1+ 42. Bg2 Qf5+ 43. g4 Qd3+ 44. Qf3 Qxf3+ 45. Bxf3 Rxa8 46.
Bxa8 Kg7 47. Kg2 Kf6 48. Bd5 Kg5 49. Kf3 Be5 50. h3 f6 51. Bg8 h5 52. Bf7 f5
53. Be6 fxg4+ 54. hxg4 h4 55. Bf7 Kf6 56. Bc4 h3 57. Bf1 h2 58. Bg2 Kg5 59. Bh1
d5 60. Ke3 d4+ 61. Kf3 Bf4 62. Ke4 Kxg4 63. Kxd4 Kg3 64. Ke4 g5 0-1

[Event "23. Schweinfurt Open"]
[Site "Schweinfurt"]
[Date "2013.06.02"]
[Round "6.3"]
[White "Bräutigam, Thomas"]
[Black "Ziegler, Michael"]
[Result "0-1"]
[WhiteElo "2116"]
[BlackElo "2151"]
[PlyCount "60"]
[EventDate "2013.05.30"]
[Source "SK SW 2000"]
[SourceDate "2013.06.02"]

1. Nf3 Nf6 2. c4 c5 3. g3 b6 4. Bg2 Bb7 5. O-O e6 6. Nc3 d6 7. Re1 Be7 8. d4
cxd4 9. Qxd4 a6 10. e4 O-O 11. Be3 Nbd7 12. Rad1 Qc7 13. Bg5 Rac8 14. Nd2 h6
15. Be3 Ng4 16. Bh3 Nxe3 17. Rxe3 Rfd8 18. Bf1 Bf6 19. Qd3 Nc5 20. Qc2 Bd4 21.
Ree1 d5 22. Ne2 dxe4 23. Nxd4 Rxd4 24. Nb3 Nxb3 25. axb3 Rcd8 26. Rxd4 Rxd4 27.
Bg2 f5 28. Re3 Qd6 29. c5 bxc5 30. Rc3 Rd2 0-1

[Event "23. Schweinfurt Open"]
[Site "Schweinfurt"]
[Date "2013.06.02"]
[Round "6.4"]
[White "Kuhn, Norbert"]
[Black "Neuberg, Hans-Gerhard"]
[Result "1-0"]
[WhiteElo "2149"]
[BlackElo "1992"]
[PlyCount "167"]
[EventDate "2013.05.30"]
[Source "SK SW 2000"]
[SourceDate "2013.06.02"]

1. e4 e5 2. d4 exd4 3. Nf3 Bb4+ 4. Bd2 Bc5 5. Bc4 Nf6 6. Bg5 h6 7. Bh4 g5 8.
Bg3 Nc6 9. Nbd2 d6 10. Qe2 Qe7 11. O-O-O Be6 12. Rhe1 Nd7 13. Nb3 Bxc4 14. Qxc4
Nb6 15. Qe2 O-O-O 16. Nfxd4 Nxd4 17. Nxd4 Bxd4 18. Rxd4 Rhe8 19. Qg4+ Qe6 20.
Qxe6+ Rxe6 21. f3 Rde8 22. Red1 Nd7 23. b3 Nf6 24. h3 h5 25. Rh1 R8e7 26. c4
Ne8 27. Rd5 f6 28. Be1 c6 29. Rd1 Ng7 30. Bc3 Ne8 31. Rde1 Nc7 32. h4 Rh7 33.
Kd2 d5 34. exd5 cxd5 35. Rxe6 Nxe6 36. cxd5 Nf4 37. Bxf6 gxh4 38. d6 Nxg2 39.
Rc1+ Kb8 40. Be5 Rd7 41. Rh1 Kc8 42. Ke2 Rf7 43. Rc1+ Kd8 44. Rc4 Rf5 45. Re4
h3 46. Bh2 Rc5 47. Rc4 Rxc4 48. bxc4 Nh4 49. c5 Kd7 50. Kf2 Nf5 51. Be5 h4 52.
Kg1 Ng3 53. Kh2 Ne2 54. Kxh3 Nc1 55. a3 Nb3 56. Kxh4 Nxc5 57. Kg5 a6 58. Bg3
Ne6+ 59. Kf5 Nd4+ 60. Ke4 Nb5 61. a4 Nc3+ 62. Ke5 Nxa4 63. f4 Nb6 64. f5 Nc4+
65. Kd5 Ne3+ 66. Ke4 Ng4 67. Kd5 Nf6+ 68. Kd4 Ne8 69. Kd5 b6 70. Be5 a5 71. f6
Nxf6+ 72. Bxf6 a4 73. Be5 a3 74. Ke4 a2 75. Kd5 b5 76. Bd4 b4 77. Be5 b3 78.
Bd4 b2 79. Bxb2 a1=Q 80. Bxa1 Kc8 81. Kc6 Kb8 82. d7 Ka7 83. d8=Q Ka6 84. Qa8#
1-0

[Event "23. Schweinfurt Open"]
[Site "Schweinfurt"]
[Date "2013.06.02"]
[Round "6.5"]
[White "Amtmann, Florian"]
[Black "Häusler, Yannick"]
[Result "1-0"]
[WhiteElo "2171"]
[BlackElo "1857"]
[PlyCount "81"]
[EventDate "2013.05.30"]
[Source "SK SW 2000"]
[SourceDate "2013.06.02"]

1. e4 c5 2. Nf3 d6 3. c3 Nf6 4. Bd3 Nc6 5. Bc2 a6 6. h3 e6 7. O-O Be7 8. d4 d5
9. e5 Nd7 10. a3 c4 11. Nbd2 b5 12. b4 a5 13. Bb2 a4 14. Nh2 h5 15. f4 g6 16.
Ndf3 Nf8 17. Bc1 Nh7 18. Be3 Bb7 19. Kf2 Kd7 20. Ke2 Qe8 21. g4 f5 22. exf6
Nxf6 23. Ne5+ Nxe5 24. dxe5 Ng8 25. f5 gxf5 26. gxf5 exf5 27. Bxf5+ Kc6 28. Qd4
Ra6 29. Rg1 Kc7 30. e6 Nh6 31. Bxh6 Rxh6 32. Qf4+ Bd6 33. Qxh6 Bxh2 34. Qh7+
Kb6 35. Rg8 Qc6 36. e7 d4 37. Be4 d3+ 38. Kd1 Qxe4 39. Qxe4 Bxe4 40. e8=Q Bf3+
41. Ke1 1-0

[Event "23. Schweinfurt Open"]
[Site "Schweinfurt"]
[Date "2013.06.02"]
[Round "6.6"]
[White "Schmitt, Philipp"]
[Black "von der Linden, Armin"]
[Result "1/2-1/2"]
[WhiteElo "2158"]
[BlackElo "1976"]
[PlyCount "91"]
[EventDate "2013.05.30"]
[Source "SK SW 2000"]
[SourceDate "2013.06.02"]

1. e4 d5 2. exd5 Qxd5 3. Nc3 Qa5 4. d4 c6 5. Bc4 Bf5 6. Nf3 Nf6 7. O-O e6 8.
Re1 Be7 9. h3 Nbd7 10. a3 Qc7 11. Qe2 Nb6 12. Bb3 O-O 13. Nh4 Bg6 14. Nxg6 hxg6
15. Ne4 Nxe4 16. Qxe4 Rad8 17. c3 c5 18. Bf4 Bd6 19. Bg5 Rd7 20. Rad1 cxd4 21.
Rxd4 Bc5 22. Rxd7 Nxd7 23. Re2 Nf6 24. Qh4 Qb6 25. Bc4 Nh7 26. Rd2 Nxg5 27.
Qxg5 Qc7 28. Bb5 Be7 29. Qe3 Bc5 30. Qd3 a6 31. Ba4 b5 32. Bb3 Qe5 33. Rd1 Qf6
34. Rd2 Qe5 35. Re2 Qd6 36. Qxd6 Bxd6 37. Rd2 Rd8 38. Kf1 Bc7 39. Rxd8+ Bxd8
40. Ke2 Kf8 41. a4 Ke7 42. Kd3 Kd6 43. axb5 axb5 44. c4 bxc4+ 45. Bxc4 g5 46.
b3 1/2-1/2

[Event "23. Schweinfurt Open"]
[Site "Schweinfurt"]
[Date "2013.06.02"]
[Round "6.7"]
[White "Poßke, Thore"]
[Black "Müller, Kai"]
[Result "1-0"]
[WhiteElo "1900"]
[BlackElo "1481"]
[PlyCount "59"]
[EventDate "2013.05.30"]
[Source "SK SW 2000"]
[SourceDate "2013.06.02"]

1. d4 d5 2. Nf3 Nc6 3. Bf4 Bg4 4. e3 Nf6 5. h3 Bh5 6. g4 Bg6 7. Bb5 Nd7 8. c4
Nb4 9. cxd5 Nxd5 10. Nc3 Nxc3 11. bxc3 c6 12. Bd3 e6 13. O-O Nf6 14. Rb1 b6 15.
Ne5 Bxd3 16. Qxd3 Qd5 17. f3 Nd7 18. Nc4 b5 19. Nd6+ Bxd6 20. e4 Qxa2 21. Bxd6
Nb6 22. f4 Qc4 23. Qd2 Kd7 24. Rb4 Kxd6 25. f5 Qxf1+ 26. Kxf1 a5 27. Rb1 Nc4
28. Qf4+ Kd7 29. fxe6+ Kxe6 30. d5+ 1-0